00945nam a2200265Ia 450000500170000000800410001702000150005810000370007324501130011025000190022330000430024249000310028565000430031665000480035965000500040770000290045794200150048626400290050133600270053033700330055733800280059004000350061808400110065399900150066420220317001245.0160825s1998 ck a g 000 0 spa  a95807119091 aCalzadilla Nuñez, Juliad1943-10aCasuarino y el libro encantado de los ChacanequescJulia Calzadilla Nuñez ; ilustración Gustavo Rendón a1a. edición  a103 páginas bilustraciones c21 cm  aJuveniles latinoamericanos142LEMBaNovela juvenil cubana ySiglo XX142LEMB aLiteratura juvenil cubana ySiglo XX142LEMB aMundos fantásticos en la literatura 1 aRendón, Gustavo968327 2loccBKLIT aMedellínbEdiluxc1998 atextobtxt2rdacontent asin mediaciónbn2rdamedia avolumenbnc2rdacarrier aCO-BoRNBPbspaerdacCO-BoRNBP aN CAL4 c6406d6406